| 000 | 03597 a2200481 4500 | ||
|---|---|---|---|
| 001 | 23280440 | ||
| 003 | 0199032 | ||
| 005 | 20251011160322.0 | ||
| 008 | 230816s2024 nyu b 001 0 eng | ||
| 010 | _a 2023038342 | ||
| 020 | _a9781032409931 | ||
| 020 | _a9781032409931 | ||
| 020 | _z9781003355717 | ||
| 035 | _a23280440 | ||
| 040 |
_aIEN/DLC _beng _erda _cDLC _dDLC |
||
| 042 | _apcc | ||
| 043 | _af------ | ||
| 050 | 0 | 0 |
_aJZ5587 _b.G68 2024 |
| 082 | 0 | 0 |
_a333.7096 _223 |
| 245 | 0 | 0 |
_aGoverning natural resources for sustainable peace in Africa : _benvironmental justice and conflict resolution / _cedited by Obasesam Okoi and Victoria R Nalule. |
| 263 | _a2401 | ||
| 264 | 1 |
_aNew York : _bRoutledge, _c2024. |
|
| 300 | _axx, 222p.: | ||
| 336 |
_atext _btxt _2rdacontent |
||
| 337 |
_aunmediated _bn _2rdamedia |
||
| 338 |
_avolume _bnc _2rdacarrier |
||
| 490 | 0 | _aEarthscan Studies in Natural Resource Management | |
| 504 | _aIncludes bibliographical references and index. | ||
| 520 |
_a"This book examines the dynamics of natural resource conflicts in Africa, and explores the different governance approaches for securing sustainable peace. One of the most prominent challenges facing Africa today is the consequences of natural resource extraction. While these resources hold the potential for economic transformation across Africa, their extraction also comes with a range of environmental, social, and economic consequences, including issues related to governance. This book assembles a unique cohort of peacebuilding, environmental justice, and sustainable development scholars and practitioners from Africa and beyond to examine the dynamics of natural resource conflict and explore the governance approaches that offer pathways for sustainable peace in Africa. Drawing on case studies and empirical lessons from the Horn of Africa, Southern Africa, West Africa, East Africa, and the Central Sahel region, along with the African Union, the multidisciplinary contributors offer fresh insights into the nature of natural resource conflict in Africa, delve deeper into the complexities of natural resource governance, and highlight the interplay between resource governance and sustainable peace. By shedding light on Africa's experiences and vulnerabilities but also the challenges of natural resource governance, this book fills a crucial gap in understanding the connection between natural resource governance, conflict, and pathways for sustainable peace in Africa. Drawing on a range of disciplinary perspectives, this book will be of interest to students and scholars of natural resource governance, peace and conflict studies, environmental policy and justice, sustainable development, security studies and African studies more widely"-- _cProvided by publisher. |
||
| 650 | 0 |
_aNatural resources _xGovernment policy _zAfrica. |
|
| 650 | 0 |
_aNatural resources _zAfrica _xManagement. |
|
| 650 | 0 |
_aConflict management _zAfrica. |
|
| 650 | 0 |
_aEnvironmental management _zAfrica. |
|
| 650 | 0 |
_aEnvironmental justice _zAfrica. |
|
| 650 | 0 |
_aMineral industries _xGovernment policy _zAfrica. |
|
| 650 | 0 |
_aMineral industries _xEnvironmental aspects _zAfrica. |
|
| 700 | 1 |
_aOkoi, Obasesam, _eeditor. |
|
| 700 | 1 |
_aNalule, Victoria R., _eeditor. |
|
| 776 | 0 | 8 |
_iOnline version: _tGoverning natural resources for sustainable peace in Africa _dLondon ; New York : Routledge, Taylor & Francis Group, 2024 _z9781003355717 _w(DLC) 2023038343 |
| 906 |
_a7 _bcbc _corignew _d1 _eecip _f20 _gy-gencatlg |
||
| 942 |
_2lcc _cBK |
||
| 999 |
_c43699 _d43699 |
||